Flags of the Countries of the World in 1960 - Statistics

General Stats
  • This quiz has been taken 166 times
    165 since last reset
  • The average score is 72 of 120
Answer Stats
Picture Answer % Correct
Afghanistan
100%
Albania
100%
Argentina
99%
Australia
99%
Austria
97%
Belgium
97%
Bhutan
97%
Brazil
96%
Andorra
94%
Bulgaria
92%
Bolivia
87%
Cambodia
82%
China
81%
Chile
79%
Canada
78%
Chad
78%
Cuba
78%
Ceylon
76%
Colombia
76%
Cyprus
76%
Denmark
76%
East Germany
76%
Finland
76%
France
76%
Côte d'Ivoire
74%
Iceland
74%
India
74%
Central African Republic
73%
Congo-Brazzaville
73%
Dominican Republic
73%
Costa Rica
72%
Czechoslovakia
72%
Indonesia
72%
Ireland
72%
Japan
72%
Cameroon
71%
El Salvador
71%
Haiti
71%
Hungary
71%
Italy
71%
Greece
70%
Iran
70%
Congo-Léopoldville
69%
Ecuador
69%
Ethiopia
69%
Ghana
67%
Israel
67%
Jordan
67%
Dahomey
66%
Gabon
66%
Guatemala
65%
Honduras
65%
Burma
64%
Guinea
63%
Lebanon
63%
Liberia
62%
Free Republic of the Congo
61%
Luxembourg
60%
Iraq
58%
Mexico
58%
New Zealand
58%
Liechtenstein
57%
Nepal
57%
Netherlands
57%
Nigeria
57%
North Korea
57%
North Vietnam
57%
Libya
56%
Madagascar
56%
Mongolia
56%
Niger
56%
Norway
56%
Pakistan
56%
Philippines
56%
Poland
56%
Monaco
55%
Morocco
55%
Portugal
55%
Saudi Arabia
55%
Panama
54%
Peru
54%
Republic of China
54%
Somalia
54%
Mauritania
53%
Nicaragua
53%
Paraguay
53%
South Korea
53%
Mali
52%
Romania
52%
San Marino
52%
South Africa
52%
Soviet Union
52%
Senegal
51%
Spain
49%
South Vietnam
47%
Sweden
47%
Switzerland
47%
Laos
43%
Thailand
43%
Turkey
42%
United States of America
40%
Togo
39%
Tunisia
39%
United Kingdom
38%
Uruguay
34%
Vatican City
34%
Venezuela
34%
Yugoslavia
33%
Malaya
31%
West Germany
31%
Muscat and Oman
30%
Sudan
27%
Yemen
27%
Sikkim
25%
United Arab Republic
24%
Upper Volta
21%
Katanga
17%
South Kasai
8%
South Maluku
8%
United Suvadive Republic
7%
No matching quizzes found
Score Distribution
Percent of People with Each Score
Percentile by Number Answered
Your Score History
You have not taken this quiz since the last reset